000
00228 a2200097 4500
001
37393
100
_a
Shahid Javed
245
_a
Pakistan under Bhutto-1971 to 77
260
_a
London
_b
Macmillan Press
_c
090
_c
23862
_d
23862
942
_a
NUST-CAE
_c
M
_c
15405
999
_c
272466
_d
272466